[Event "Mestre Sheraton op-C 1st"]
[Site "Mestre"]
[Date "2021.02.27"]
[Round "2"]
[White "Vescovo, Samuele"]
[Black "Gust William, Richard"]
[Result "1-0"]
[WhiteElo "1183"]
[BlackElo "999"]
[PlyCount "101"]
[EventDate "2021.02.26"]
[EventType "swiss"]
[EventRounds "5"]
[EventCountry "ITA"]
[SourceTitle "EXT 2022"]
[Source "ChessBase"]
[SourceDate "2021.10.06"]
[SourceVersion "1"]
[SourceVersionDate "2021.10.06"]
[SourceQuality "1"]

1. e4 c5 2. Nf3 g6 3. d4 b6 4. Bf4 Bg7 5. Bc4 e6 6. c3 Nf6 7. Nbd2 0-0 8. 0-0 Nc6 9. d5 b5 10. dxc6 bxc4 11. cxd7 Ba6 12. Ne5 Nxd7 13. Ndxc4 Nxe5 14. Nxe5 Bxf1 15. Qxf1 Rb8 16. Nc6 Qb6 17. Nxb8 Rd8 18. Na6 Qxb2 19. Nxc5 Qxc3 20. Rc1 Qb2 21. a4 h6 22. Rd1 Rxd1 23. Qxd1 Bd4 24. Nd3 Qc3 25. Qd2 Qa1+ 26. Qc1 Qxa4 27. h3 a5 28. Be3 Bxe3 29. Qxe3 Qd1+ 30. Kh2 Kg7 31. Nb2 Qd6+ 32. g3 Qb4 33. Nd3 Qb3 34. Qd4+ Kh7 35. Qd7 Kg7 36. e5 a4 37. Nc5 Qd5 38. Qxd5 exd5 39. Nxa4 d4 40. Kg2 d3 41. Kf3 Kf8 42. Ke3 d2 43. Kxd2 Ke7 44. Ke3 Ke6 45. Ke4 f5+ 46. Kd4 g5 47. Nc5+ Ke7 48. e6 h5 49. Ke5 f4 50. gxf4 gxf4 51. h4 1-0